| 000 | 00892nam a2200253 i 4500 | ||
|---|---|---|---|
| 001 | 173476 | ||
| 003 | ES-MaACL | ||
| 005 | 20230906215242.0 | ||
| 008 | 091203s1977 sp a |||| | spa d | ||
| 020 | _a84-85229-47-9 | ||
| 080 | _a32(460)"18/19"(088.3) | ||
| 080 | _a860-845"18/19" | ||
| 080 | _a741.5(460) | ||
| 245 | 0 | 0 |
_aHumor político en la España contemporánea / _c[textos] Javier Roca, Santiago Ferrer. |
| 260 |
_aMadrid : _bCambio 16, _c[1977] |
||
| 300 |
_a299 p. : _bprincipalmente il. ; _c33 cm. |
||
| 650 | 4 |
_aChistes. _9138672 |
|
| 650 | 0 | 4 |
_aDibujo humorístico- _zEspaña- _yS.XX. _911872 |
| 651 | 4 |
_aEspaña- _xHistoria- _yS.XIX- _vObras satíricas y humorísticas. _9147821 |
|
| 651 | 4 |
_aEspaña- _xHistoria- _yS.XX- _vObras satíricas y humorísticas. _9147822 |
|
| 700 | 1 |
_aRoca, Javier. _997975 |
|
| 700 | 1 |
_aFerrer, Santiago. _9147823 |
|
| 852 |
_aES-MaACL _jC-1058 |
||
| 999 |
_c173476 _d173476 |
||